| 000 | 00585nam a2200217 a 4500 | ||
|---|---|---|---|
| 005 | 20140310183344.0 | ||
| 008 | 070130s19uu xx 00 eng d | ||
| 020 | _a0130359114 | ||
| 050 |
_aBF 121 _b.C284 2004 |
||
| 100 | _aCarlson, Neil R. | ||
| 245 |
_aPsychology / _c Neil R. Carlson |
||
| 250 | _a2nd European ed. | ||
| 260 |
_aHarlow, England : _bPearson Education, _c2004. |
||
| 300 |
_a912 p. : _bcol. ill. ; _c28 cm. |
||
| 521 | _aPSYCH | ||
| 650 | _aPsychology. | ||
| 700 | _aMartin, Neil G. | ||
| 700 | _aBuskist, William | ||
| 942 |
_cBK _2lcc _kFOR |
||
| 999 |
_c21889 _d21889 |
||